Swipe, scan, shop (Record no. 4751)

MARC details
000 -CABECERA
campo de control de longitud fija 04322nam a2200457Ia 4500
001 - NÚMERO DE CONTROL
campo de control 991107066981006196
005 - FECHA Y HORA DE LA ÚLTIMA TRANSACCIÓN
campo de control 20250828092013.0
006 - CÓDIGOS DE INFORMACIÓN DE LONGITUD FIJA--CARACTERÍSTICAS DEL MATERIAL ADICIONAL
campo de control de longitud fija m o d
007 - CAMPO FIJO DE DESCRIPCIÓN FÍSICA--INFORMACIÓN GENERAL
campo de control de longitud fija cr#cn|||||||||
008 - DATOS DE LONGITUD FIJA--INFORMACIÓN GENERAL
campo de control de longitud fija 210211s2021 enka o 001 0 eng d
020 ## - NÚMERO INTERNACIONAL ESTÁNDAR DEL LIBRO
Número Internacional Estándar del Libro 9781350092860
020 ## - NÚMERO INTERNACIONAL ESTÁNDAR DEL LIBRO
Número Internacional Estándar del Libro 9781350092877
020 ## - NÚMERO INTERNACIONAL ESTÁNDAR DEL LIBRO
Número Internacional Estándar del Libro 9781350092891
020 ## - NÚMERO INTERNACIONAL ESTÁNDAR DEL LIBRO
Número Internacional Estándar del Libro 9781350092884
024 7# - IDENTIFICADOR DE OTROS ESTÁNDARES
Número estándar o código 10.5040/9781350092891
Fuente del número o código doi
035 ## - NÚMERO DE CONTROL DEL SISTEMA
Número de control de sistema (CKB)4100000011726050
035 ## - NÚMERO DE CONTROL DEL SISTEMA
Número de control de sistema (OCoLC)1238133711
035 ## - NÚMERO DE CONTROL DEL SISTEMA
Número de control de sistema (CaBNVSL)9781350092891
035 ## - NÚMERO DE CONTROL DEL SISTEMA
Número de control de sistema (MiAaPQ)EBC6458983
035 ## - NÚMERO DE CONTROL DEL SISTEMA
Número de control de sistema (OCoLC)1302699439
035 ## - NÚMERO DE CONTROL DEL SISTEMA
Número de control de sistema (CaBNVSL)BP9781350092891BC
035 ## - NÚMERO DE CONTROL DEL SISTEMA
Número de control de sistema (Perlego)2106882
035 ## - NÚMERO DE CONTROL DEL SISTEMA
Número de control de sistema (EXLCZ)994100000011726050
040 ## - FUENTE DE LA CATALOGACIÓN
Centro catalogador/agencia de origen UkLoBP
Lengua de catalogación eng
Normas de descripción rda
Centro/agencia transcriptor UkLoBP
Centro/agencia modificador UkLoBP
041 ## - CÓDIGO DE LENGUA
Código de lengua del texto/banda sonora o título independiente English
050 #4 - SIGNATURA TOPOGRÁFICA DE LA BIBLIOTECA DEL CONGRESO
Número de clasificación HF5415.165
Número de documento/Ítem .S33 2021
100 ## - ENTRADA PRINCIPAL--NOMBRE DE PERSONA
Nombre de persona Schaefer, Kate,
Término indicativo de función/relación author.
9 (RLIN) 25474
245 10 - MENCIÓN DE TÍTULO
Título Swipe, scan, shop
Resto del título : interactive visual merchandising
Mención de responsabilidad, etc. / by Kate Schaefer.
250 ## - MENCIÓN DE EDICIÓN
Mención de edición First edition.
264 #1 - PRODUCCIÓN, PUBLICACIÓN, DISTRIBUCIÓN, FABRICACIÓN Y COPYRIGHT
Producción, publicación, distribución, fabricación y copyright London. England :
Nombre del de productor, editor, distribuidor, fabricante Bloomsbury Publishing,
Fecha de producción, publicación, distribución, fabricación o copyright 2021.
300 ## - DESCRIPCIÓN FÍSICA
Extensión 194 pages :
Otras características físicas color illustrations
504 ## - NOTA DE BIBLIOGRAFÍA, ETC.
Nota de bibliografía, etc. Includes bibliographical references (pages 182-186) and index.
505 0# - NOTA DE CONTENIDO CON FORMATO
Nota de contenido con formato What is Visual Merchandising?<br/>— Overview of VM<br/>— What it includes<br/>— Why it is used (Commerciality)<br/>— How visual merchandising has progressed<br/>— The History and Evolution of Visual Merchandising<br/>— History of visual merchandising<br/>— Evolution of visual merchandising and display<br/>— Incorporating digital technologies<br/>— Successes and Challenges: Translating the "See Now, Buy Now" to the sales floor<br/>— Company Spotlight: Sephora<br/>— Visual Merchandising and Omnichannel Retail<br/>— Enhancing the online shopping experience<br/>— Social Media and visual merchandising<br/>— Using mobile devices (Introduce beacon technologies, interactive displays)<br/>— Mass Customization<br/>— Company Spotlight: Ted Baker and Google<br/>— Store Planning and Design<br/>— What is store planning?<br/>— Square Footage vs. Selling Space<br/>— Materials<br/>— Furniture<br/>— Software programs/CAD programs<br/>— Tradeshows (i.e. GlobalShop)<br/>— Company Spotlight: Visual Retailing (MockShop) or Retail Smart<br/>— Store Interiors<br/>— Experiential retail<br/>— Sensory merchandising<br/>— Sustainability in visual merchandising<br/>— Heat Mapping (Data Analytics)<br/>— Dwell Time (Data Analytics)<br/>— Company Spotlight: Amazon (AmazonGo)<br/>— Mannequins and Forms<br/>— Communicating through mannequins and forms<br/>— The future of mannequins and forms<br/>— Company Spotlight: Iconome<br/>— Exterior and Window Displays<br/>— Interactive Displays: Who, What, Why<br/>— Infrared Sensors<br/>— Facial Recognition<br/>— Virtual Reality<br/>— Augmented Reality<br/>— Mobile Commerce<br/>— Social Media/Mass Customization<br/>— Conclusion<br/>— What Might We Expect as the Future of VM?
520 ## - SUMARIO, ETC.
Sumario, etc. "Successful fashion merchandising, branding, and communication start with satisfyingly sensory and interactive shopping experiences. With Kate Schaefer's beautifully illustrated and practical book, learn how retailers create these experiences to connect with shoppers, enhance the retail experience, and achieve brand loyalty. With company highlights from brands such as Amazon Go, FIT:MATCH and Sephora, Swipe, Scan, Shop shows how fashion retailers are embracing the omnichannel retail experience, by using virtual and augmented reality, beacon technologies, and facial recognition, among other techniques. As shoppers become more dependent on digital devices as part of their shopping experience, visual merchandisers are adapting by incorporating mobile tech to tell a story, alert shoppers of product locations and inventory levels, and allow for the customization of products and sharing with friends. With a companion website that includes resources and links to further information and videos discussed in the book, this practical guide shows how to inform, entice, and engage customers by incorporating social technology throughout the shopping experience"--
Fuente proveedora Provided by publisher.
650 #0 - PUNTO DE ACCESO ADICIONAL DE MATERIA--TÉRMINO DE MATERIA
Término de materia o nombre geográfico como elemento de entrada Merchandising
9 (RLIN) 986
650 #0 - PUNTO DE ACCESO ADICIONAL DE MATERIA--TÉRMINO DE MATERIA
Término de materia o nombre geográfico como elemento de entrada Shopping
Subdivisión general Technological innovations.
650 #0 - PUNTO DE ACCESO ADICIONAL DE MATERIA--TÉRMINO DE MATERIA
Término de materia o nombre geográfico como elemento de entrada Display of merchandise.
9 (RLIN) 25475
650 #0 - PUNTO DE ACCESO ADICIONAL DE MATERIA--TÉRMINO DE MATERIA
Término de materia o nombre geográfico como elemento de entrada Fashion, Fashion Business and Management
9 (RLIN) 25476
700 ## - ENTRADA AGREGADA--NOMBRE PERSONAL
Nombre de persona Marcketti, Sara B,
Término indicativo de función/relación author.
9 (RLIN) 25477
942 ## - ELEMENTOS DE ENTRADA AGREGADA (KOHA)
Fuente del sistema de clasificación o colocación Clasificación de Library of Congress
Holdings
Estado de retiro Estado de pérdida Fuente del sistema de clasificación o colocación Estado dañado No para préstamo Biblioteca de origen Biblioteca actual Fecha de adquisición Total de préstamos Signatura topográfica completa Código de barras Fecha visto por última vez Número de copia Precio válido a partir de Tipo de ítem Koha
    Clasificación de Library of Congress     TBS Barcelona TBS Barcelona 01/10/2025   HF5415.165 SCH B07610 01/10/2025 1 01/10/2025 Book

Powered by Koha